000 00640nam a22002297a 4500
003 UA-OsUOA
001 47394
007 ta
008 20070719b un ||||| |||| 00| 0 ukr d
100 _aЮ.К. Редько
090 _a81,373,232-142
_bЮ11
942 _cBK
040 _aUA-OsUOA
_bukr
_cUA-OsUOA
_dUA-OsUOA
245 _aСучасні українські прізвища
300 _a215 с.
955 _a2
041 _aukr
080 _a81,373,232-142
260 _aК.
_c1966
650 7 _a8 Мовознавство. Художня література. Літературознавство
_2UDC
999 _c333493
_d333493